|
|
|
|
| LEADER |
00000cam a2200000 c 4500 |
| 001 |
109377763X |
| 003 |
DE-627 |
| 005 |
20260206200009.0 |
| 007 |
tu |
| 008 |
910404s1990 gw ||||| m 00| ||ger c |
| 035 |
|
|
|a (DE-627)109377763X
|
| 035 |
|
|
|a (DE-603)015626245
|
| 035 |
|
|
|a (DE-576)02377763X
|
| 035 |
|
|
|a (DE-599)BSZ02377763X
|
| 035 |
|
|
|a (OCoLC)612324316
|
| 035 |
|
|
|a (DE-604)8076892514
|
| 040 |
|
|
|a DE-627
|b ger
|c DE-627
|e rakwb
|
| 041 |
|
|
|a ger
|
| 044 |
|
|
|c XA-DE-BW
|
| 082 |
0 |
|
|a 343.4309/46
|
| 082 |
0 |
|
|a 344.303946
|
| 084 |
|
|
|a PN 631
|2 rvk
|0 (DE-625)rvk/137608:
|
| 084 |
|
|
|a PN 630
|2 rvk
|0 (DE-625)rvk/137607:
|
| 084 |
|
|
|a PN 633
|2 rvk
|0 (DE-625)rvk/137610:
|
| 100 |
1 |
|
|a Schneider, Hubert
|0 (DE-627)1232948268
|0 (DE-576)162948263
|4 aut
|
| 109 |
|
|
|a Schneider, Hubert
|a Schneider, Hubert Wilhelm
|
| 245 |
1 |
4 |
|a Die Begutachtung der Eignung zum Führen von Kraftfahrzeugen im Fahrerlaubniserteilungs- und entziehungsverfahren
|c vorgelegt von Hubert Schneider
|
| 246 |
3 |
0 |
|a Fahrerlaubnisentziehungsverfahren
|
| 264 |
|
1 |
|a [Erscheinungsort nicht ermittelbar]
|c 1990
|
| 300 |
|
|
|a XX, 195 S.
|
| 336 |
|
|
|a Text
|b txt
|2 rdacontent
|
| 337 |
|
|
|a ohne Hilfsmittel zu benutzen
|b n
|2 rdamedia
|
| 338 |
|
|
|a Band
|b nc
|2 rdacarrier
|
| 502 |
|
|
|a Heidelberg, Univ., Diss., 1990
|
| 583 |
1 |
|
|a Archivierung/Langzeitarchivierung gewährleistet
|f DISS
|x XA-DE-BW
|2 pdager
|5 DE-16
|
| 650 |
0 |
7 |
|0 (DE-588)4152460-3
|0 (DE-627)105538116
|0 (DE-576)209795697
|a Entziehung
|2 gnd
|
| 650 |
0 |
7 |
|0 (DE-588)4022596-3
|0 (DE-627)104106859
|0 (DE-576)208944672
|a Gutachten
|2 gnd
|
| 650 |
0 |
7 |
|0 (DE-588)4071100-6
|0 (DE-627)106098632
|0 (DE-576)209182849
|a Fahrerlaubnis
|2 gnd
|
| 650 |
0 |
7 |
|0 (DE-588)4151206-6
|0 (DE-627)104500549
|0 (DE-576)209786272
|a Eignung
|2 gnd
|
| 655 |
|
7 |
|a Hochschulschrift
|0 (DE-588)4113937-9
|0 (DE-627)105825778
|0 (DE-576)209480580
|2 gnd-content
|
| 689 |
0 |
0 |
|d s
|0 (DE-588)4071100-6
|0 (DE-627)106098632
|0 (DE-576)209182849
|a Fahrerlaubnis
|2 gnd
|
| 689 |
0 |
1 |
|d s
|0 (DE-588)4152460-3
|0 (DE-627)105538116
|0 (DE-576)209795697
|a Entziehung
|2 gnd
|
| 689 |
0 |
2 |
|d s
|0 (DE-588)4022596-3
|0 (DE-627)104106859
|0 (DE-576)208944672
|a Gutachten
|2 gnd
|
| 689 |
0 |
|
|5 (DE-627)
|
| 689 |
1 |
0 |
|d s
|0 (DE-588)4071100-6
|0 (DE-627)106098632
|0 (DE-576)209182849
|a Fahrerlaubnis
|2 gnd
|
| 689 |
1 |
1 |
|d s
|0 (DE-588)4151206-6
|0 (DE-627)104500549
|0 (DE-576)209786272
|a Eignung
|2 gnd
|
| 689 |
1 |
2 |
|d s
|0 (DE-588)4022596-3
|0 (DE-627)104106859
|0 (DE-576)208944672
|a Gutachten
|2 gnd
|
| 689 |
1 |
|
|5 (DE-627)
|
| 751 |
|
|
|a Heidelberg
|0 (DE-588)4023996-2
|0 (DE-627)106300814
|0 (DE-576)208952578
|4 uvp
|
| 935 |
|
|
|h HEB
|i 0501
|
| 935 |
|
|
|h HEB
|i 0503
|
| 936 |
r |
v |
|a PN 631
|b StVO
|k Rechtswissenschaft
|k Verwaltungswissenschaften und Verwaltungsrecht
|k Besonderes Verwaltungsrecht
|k Verkehrsrecht
|k Straßenverkehrsrecht
|k StVO
|0 (DE-627)1271328305
|0 (DE-625)rvk/137608:
|0 (DE-576)201328305
|
| 936 |
r |
v |
|a PN 630
|b StVG
|k Rechtswissenschaft
|k Verwaltungswissenschaften und Verwaltungsrecht
|k Besonderes Verwaltungsrecht
|k Verkehrsrecht
|k Straßenverkehrsrecht
|k StVG
|0 (DE-627)1270907921
|0 (DE-625)rvk/137607:
|0 (DE-576)200907921
|
| 936 |
r |
v |
|a PN 633
|b Allgemeines
|k Rechtswissenschaft
|k Verwaltungswissenschaften und Verwaltungsrecht
|k Besonderes Verwaltungsrecht
|k Verkehrsrecht
|k Straßenverkehrsrecht
|k Allgemeines
|0 (DE-627)1271254395
|0 (DE-625)rvk/137610:
|0 (DE-576)201254395
|
| 936 |
s |
n |
|a p100
|2 mzub
|
| 951 |
|
|
|a BO
|
| ELC |
|
|
|b 1
|
| LOK |
|
|
|0 000 xxxxxcx a22 zn 4500
|
| LOK |
|
|
|0 001 2873298367
|
| LOK |
|
|
|0 003 DE-627
|
| LOK |
|
|
|0 004 109377763X
|
| LOK |
|
|
|0 005 20151116135526
|
| LOK |
|
|
|0 008 150728||||||||||||||||ger|||||||
|
| LOK |
|
|
|0 035
|a (DE-21-110)kd21483
|
| LOK |
|
|
|0 040
|a DE-21-110
|c DE-627
|d DE-21-110
|
| LOK |
|
|
|0 689
|a s
|a Fahrtauglichkeitsuntersuchung
|
| LOK |
|
|
|0 852
|z Kein Bestand am IfK; Nachweis für KrimDok
|
| LOK |
|
|
|0 852
|a DE-21-110
|
| LOK |
|
|
|0 852 1
|9 00
|
| LOK |
|
|
|0 935
|a k110
|
| LOK |
|
|
|0 939
|a 28-07-15
|b l01
|
| ORI |
|
|
|a SA-MARC-krimdoka001.raw
|